<?xml version="1.0" encoding="UTF-8"?>
<record
    xmlns:xsi="http://www.w3.org/2001/XMLSchema-instance"
    xsi:schemaLocation="http://www.loc.gov/MARC21/slim http://www.loc.gov/standards/marcxml/schema/MARC21slim.xsd"
    xmlns="http://www.loc.gov/MARC21/slim">

  <leader>03303nam0a22005171  4500</leader>
  <controlfield tag="001">rc\3061274</controlfield>
  <controlfield tag="005">20260406111016.0</controlfield>
  <datafield tag="035" ind1=" " ind2=" ">
    <subfield code="a">(NLR Aleph) 009035797</subfield>
  </datafield>
  <datafield tag="090" ind1=" " ind2=" ">
    <subfield code="a">9518932</subfield>
    <subfield code="c">9518932</subfield>
  </datafield>
  <datafield tag="100" ind1=" " ind2=" ">
    <subfield code="a">20111012d1936    |||y0rusy50      ca</subfield>
  </datafield>
  <datafield tag="101" ind1="1" ind2=" ">
    <subfield code="a">rus</subfield>
    <subfield code="c">lat</subfield>
  </datafield>
  <datafield tag="102" ind1=" " ind2=" ">
    <subfield code="a">RU</subfield>
  </datafield>
  <datafield tag="105" ind1=" " ind2=" ">
    <subfield code="a">abc z |||||</subfield>
  </datafield>
  <datafield tag="135" ind1=" " ind2=" ">
    <subfield code="a">cocn 300apabp</subfield>
    <subfield code="a">crcn 024aaada</subfield>
  </datafield>
  <datafield tag="200" ind1="1" ind2=" ">
    <subfield code="a">&#x41F;&#x43B;&#x430;&#x432;&#x430;&#x43D;&#x438;&#x44F; &#x411;&#x430;&#x440;&#x435;&#x43D;&#x446;&#x430; (Diarium nauticum)</subfield>
    <subfield code="e">1594-1597</subfield>
    <subfield code="f">&#x413;. &#x414;&#x435;-&#x424;&#x435;&#x440;</subfield>
    <subfield code="g">&#x43F;&#x435;&#x440;. &#x441; &#x43B;&#x430;&#x442;. &#x43F;&#x440;&#x43E;&#x444;. &#x410;.&#x418;. &#x41C;&#x430;&#x43B;&#x435;&#x438;&#x43D;&#x430;</subfield>
    <subfield code="g">&#x43F;&#x43E;&#x434; &#x440;&#x435;&#x434;. &#x43F;&#x440;&#x43E;&#x444;. &#x412;.&#x42E;. &#x412;&#x438;&#x437;&#x435;</subfield>
    <subfield code="g">[&#x441;&#x443;&#x43F;&#x435;&#x440;-&#x43E;&#x431;&#x43B;., &#x43F;&#x435;&#x440;&#x435;&#x43F;&#x43B;&#x435;&#x442;, &#x444;&#x43E;&#x440;&#x437;&#x430;&#x446; &#x438; &#x433;&#x440;&#x430;&#x444;. &#x43E;&#x444;&#x43E;&#x440;&#x43C;&#x43B;&#x435;&#x43D;&#x438;&#x435;: &#x41C;.&#x410;. &#x422;&#x430;&#x440;&#x430;&#x43D;&#x43E;&#x432;]</subfield>
  </datafield>
  <datafield tag="210" ind1=" " ind2=" ">
    <subfield code="a">&#x41B;&#x435;&#x43D;&#x438;&#x43D;&#x433;&#x440;&#x430;&#x434;</subfield>
    <subfield code="c">&#x418;&#x437;&#x434;-&#x432;&#x43E; &#x413;&#x43B;&#x430;&#x432;&#x441;&#x435;&#x432;&#x43C;&#x43E;&#x440;&#x43F;&#x443;&#x442;&#x438;</subfield>
    <subfield code="d">1936</subfield>
    <subfield code="e">&#x41B;&#x435;&#x43D;&#x438;&#x43D;&#x433;&#x440;&#x430;&#x434;</subfield>
    <subfield code="g">&#x442;&#x438;&#x43F;. &#x438;&#x43C;. &#x41B;&#x43E;&#x445;&#x430;&#x43D;&#x43A;&#x43E;&#x432;&#x430;</subfield>
  </datafield>
  <datafield tag="215" ind1=" " ind2=" ">
    <subfield code="a">&#x421;&#x443;&#x43F;&#x435;&#x440;-&#x43E;&#x431;&#x43B;., &#x43F;&#x435;&#x440;&#x435;&#x43F;&#x43B;&#x435;&#x442;, 308 &#x441;., [5] &#x432;&#x43A;&#x43B;. &#x43B;. &#x438;&#x43B;., &#x43F;&#x43E;&#x440;&#x442;&#x440;., &#x43A;&#x430;&#x440;&#x442;.</subfield>
    <subfield code="c">&#x438;&#x43B;., &#x43F;&#x43E;&#x440;&#x442;&#x440;., &#x43A;&#x430;&#x440;&#x442;.</subfield>
    <subfield code="d">22&#x445;16</subfield>
  </datafield>
  <datafield tag="225" ind1="1" ind2=" ">
    <subfield code="a">&#x41F;&#x43E;&#x43B;&#x44F;&#x440;&#x43D;&#x430;&#x44F; &#x431;&#x438;&#x431;&#x43B;&#x438;&#x43E;&#x442;&#x435;&#x43A;&#x430;</subfield>
  </datafield>
  <datafield tag="300" ind1=" " ind2=" ">
    <subfield code="a">&#x41D;&#x430; &#x441;&#x443;&#x43F;&#x435;&#x440;-&#x43E;&#x431;&#x43B;. &#x438; &#x43F;&#x435;&#x440;&#x435;&#x43F;&#x43B;&#x435;&#x442;&#x435; &#x430;&#x432;&#x442;&#x43E;&#x440; &#x43D;&#x435; &#x443;&#x43A;&#x430;&#x437;&#x430;&#x43D;</subfield>
  </datafield>
  <datafield tag="300" ind1=" " ind2=" ">
    <subfield code="a">&#x417;&#x430;&#x433;&#x43B;. &#x438; &#x430;&#x432;&#x442;. &#x43E;&#x440;&#x438;&#x433;.: Diarium nauticum / De Veer. Amstelredami, 1598</subfield>
  </datafield>
  <datafield tag="300" ind1=" " ind2=" ">
    <subfield code="a">&#x41D;&#x430; &#x441;&#x443;&#x43F;&#x435;&#x440;-&#x43E;&#x431;&#x43B;. &#x437;&#x430;&#x433;&#x43B;.: "Diarium nauticum. &#x41F;&#x43B;&#x430;&#x432;&#x430;&#x43D;&#x438;&#x44F; &#x411;&#x430;&#x440;&#x435;&#x43D;&#x446;&#x430;"</subfield>
  </datafield>
  <datafield tag="325" ind1=" " ind2=" ">
    <subfield code="a">&#x41A;&#x43E;&#x43F;&#x438;&#x44F; &#x434;&#x43E;&#x441;&#x442;&#x443;&#x43F;&#x43D;&#x430; &#x432; &#x42D;&#x43B;&#x435;&#x43A;&#x442;&#x440;&#x43E;&#x43D;. &#x431;-&#x43A;&#x435; &#x420;&#x41D;&#x411; http://vivaldi.nlr.ru/bx000023213/view</subfield>
  </datafield>
  <datafield tag="454" ind1=" " ind2="1">
    <subfield code="1">2001#$aDiarium nauticum$fDe Veer</subfield>
    <subfield code="1">210##$aAmstelredami$d1598</subfield>
    <subfield code="1">700#1$3RU\NLR\AUTH\77124961$8lat$7ba$aVeer$bG. de$f1570-&#x43E;&#x43A;.1598$gGerrit de</subfield>
    <subfield code="t">Diarium nauticum</subfield>
    <subfield code="a">Veer, Gerrit de (1570-&#x43E;&#x43A;.1598)</subfield>
  </datafield>
  <datafield tag="512" ind1="0" ind2="0">
    <subfield code="a">Diarium nauticum. &#x41F;&#x43B;&#x430;&#x432;&#x430;&#x43D;&#x438;&#x44F; &#x411;&#x430;&#x440;&#x435;&#x43D;&#x446;&#x430;</subfield>
  </datafield>
  <datafield tag="600" ind1=" " ind2="1">
    <subfield code="a">&#x411;&#x430;&#x440;&#x435;&#x43D;&#x446;</subfield>
    <subfield code="b">&#x412;.</subfield>
    <subfield code="f">1550 - 1597</subfield>
    <subfield code="g">&#x412;&#x438;&#x43B;&#x43B;&#x435;&#x43C;</subfield>
    <subfield code="x">&#x42D;&#x43A;&#x441;&#x43F;&#x435;&#x434;&#x438;&#x446;&#x438;&#x438;</subfield>
    <subfield code="z">1594 - 1597</subfield>
    <subfield code="9">1192698</subfield>
    <subfield code="3">RU\NLR\AUTH\66163782</subfield>
  </datafield>
  <datafield tag="617" ind1=" " ind2=" ">
    <subfield code="m">&#x421;&#x435;&#x432;&#x435;&#x440;&#x43D;&#x44B;&#x439; &#x41B;&#x435;&#x434;&#x43E;&#x432;&#x438;&#x442;&#x44B;&#x439; &#x43E;&#x43A;&#x435;&#x430;&#x43D;</subfield>
    <subfield code="m">&#x411;&#x430;&#x440;&#x435;&#x43D;&#x446;&#x435;&#x432;&#x43E; &#x43C;&#x43E;&#x440;&#x435;</subfield>
    <subfield code="m">&#x41C;&#x435;&#x434;&#x432;&#x435;&#x436;&#x438;&#x439;, &#x43E;&#x441;&#x442;&#x440;&#x43E;&#x432;</subfield>
  </datafield>
  <datafield tag="617" ind1=" " ind2=" ">
    <subfield code="m">&#x421;&#x435;&#x432;&#x435;&#x440;&#x43D;&#x44B;&#x439; &#x41B;&#x435;&#x434;&#x43E;&#x432;&#x438;&#x442;&#x44B;&#x439; &#x43E;&#x43A;&#x435;&#x430;&#x43D;</subfield>
    <subfield code="m">&#x428;&#x43F;&#x438;&#x446;&#x431;&#x435;&#x440;&#x433;&#x435;&#x43D;, &#x430;&#x440;&#x445;&#x438;&#x43F;&#x435;&#x43B;&#x430;&#x433;</subfield>
  </datafield>
  <datafield tag="617" ind1=" " ind2=" ">
    <subfield code="m">&#x421;&#x435;&#x432;&#x435;&#x440;&#x43D;&#x44B;&#x439; &#x41B;&#x435;&#x434;&#x43E;&#x432;&#x438;&#x442;&#x44B;&#x439; &#x43E;&#x43A;&#x435;&#x430;&#x43D;</subfield>
    <subfield code="m">&#x41D;&#x43E;&#x432;&#x430;&#x44F; &#x417;&#x435;&#x43C;&#x43B;&#x44F;, &#x43E;&#x441;&#x442;&#x440;&#x43E;&#x432;&#x430;</subfield>
  </datafield>
  <datafield tag="617" ind1=" " ind2=" ">
    <subfield code="a">&#x421;&#x435;&#x432;&#x435;&#x440;&#x43D;&#x44B;&#x439; &#x41B;&#x435;&#x434;&#x43E;&#x432;&#x438;&#x442;&#x44B;&#x439; &#x43E;&#x43A;&#x435;&#x430;&#x43D;</subfield>
    <subfield code="m">&#x412;&#x430;&#x439;&#x433;&#x430;&#x447;, &#x43E;&#x441;&#x442;&#x440;&#x43E;&#x432;</subfield>
  </datafield>
  <datafield tag="617" ind1=" " ind2=" ">
    <subfield code="m">&#x421;&#x435;&#x432;&#x435;&#x440;&#x43D;&#x44B;&#x439; &#x41B;&#x435;&#x434;&#x43E;&#x432;&#x438;&#x442;&#x44B;&#x439; &#x43E;&#x43A;&#x435;&#x430;&#x43D;</subfield>
    <subfield code="m">&#x411;&#x435;&#x43B;&#x43E;&#x435; &#x43C;&#x43E;&#x440;&#x435;</subfield>
  </datafield>
  <datafield tag="617" ind1=" " ind2=" ">
    <subfield code="a">&#x420;&#x43E;&#x441;&#x441;&#x438;&#x44F;</subfield>
    <subfield code="m">&#x415;&#x432;&#x440;&#x43E;&#x43F;&#x435;&#x439;&#x441;&#x43A;&#x430;&#x44F; &#x447;&#x430;&#x441;&#x442;&#x44C;</subfield>
    <subfield code="m">&#x421;&#x435;&#x432;&#x435;&#x440;&#x43E;-&#x417;&#x430;&#x43F;&#x430;&#x434;</subfield>
    <subfield code="m">&#x41A;&#x43E;&#x43B;&#x44C;&#x441;&#x43A;&#x438;&#x439; &#x43F;&#x43E;&#x43B;&#x443;&#x43E;&#x441;&#x442;&#x440;&#x43E;&#x432;</subfield>
  </datafield>
  <datafield tag="686" ind1=" " ind2=" ">
    <subfield code="a">&#x414;8&#x434;(3)&#x411;&#x430;&#x440;&#x435;&#x43D;&#x446;</subfield>
  </datafield>
  <datafield tag="700" ind1=" " ind2="1">
    <subfield code="8">rus</subfield>
    <subfield code="7">ca</subfield>
    <subfield code="a">&#x412;&#x435;&#x439;&#x440;</subfield>
    <subfield code="b">&#x425;. &#x434;&#x435;</subfield>
    <subfield code="f">1570-&#x43E;&#x43A;.1598</subfield>
    <subfield code="g">&#x425;&#x435;&#x440;&#x440;&#x438;&#x442; &#x434;&#x435;</subfield>
    <subfield code="3">RU\NLR\AUTH\77104297</subfield>
    <subfield code="9">87222</subfield>
  </datafield>
  <datafield tag="702" ind1=" " ind2="1">
    <subfield code="4">730</subfield>
    <subfield code="8">rus</subfield>
    <subfield code="7">ca</subfield>
    <subfield code="a">&#x41C;&#x430;&#x43B;&#x435;&#x438;&#x43D;</subfield>
    <subfield code="b">&#x410;. &#x418;.</subfield>
    <subfield code="f">1869-1938</subfield>
    <subfield code="g">&#x410;&#x43B;&#x435;&#x43A;&#x441;&#x430;&#x43D;&#x434;&#x440; &#x418;&#x443;&#x441;&#x442;&#x438;&#x43D;&#x43E;&#x432;&#x438;&#x447;</subfield>
    <subfield code="3">RU\NLR\AUTH\7792587</subfield>
    <subfield code="9">75514</subfield>
  </datafield>
  <datafield tag="702" ind1=" " ind2="1">
    <subfield code="4">340</subfield>
    <subfield code="8">rus</subfield>
    <subfield code="7">ca</subfield>
    <subfield code="a">&#x412;&#x438;&#x437;&#x435;</subfield>
    <subfield code="b">&#x412;. &#x42E;.</subfield>
    <subfield code="f">1886-1954</subfield>
    <subfield code="g">&#x412;&#x43B;&#x430;&#x434;&#x438;&#x43C;&#x438;&#x440; &#x42E;&#x43B;&#x44C;&#x435;&#x432;&#x438;&#x447;</subfield>
    <subfield code="3">RU\NLR\AUTH\77115637</subfield>
    <subfield code="9">98562</subfield>
  </datafield>
  <datafield tag="702" ind1=" " ind2="1">
    <subfield code="4">570</subfield>
    <subfield code="8">rus</subfield>
    <subfield code="7">ca</subfield>
    <subfield code="a">&#x422;&#x430;&#x440;&#x430;&#x43D;&#x43E;&#x432;</subfield>
    <subfield code="b">&#x41C;. &#x410;.</subfield>
    <subfield code="f">1909-1973</subfield>
    <subfield code="g">&#x41C;&#x438;&#x445;&#x430;&#x438;&#x43B; &#x410;&#x444;&#x430;&#x43D;&#x430;&#x441;&#x44C;&#x435;&#x432;&#x438;&#x447;</subfield>
    <subfield code="3">RU\NLR\AUTH\77123431</subfield>
    <subfield code="9">106356</subfield>
  </datafield>
  <datafield tag="801" ind1=" " ind2="0">
    <subfield code="a">RU</subfield>
    <subfield code="b">NLR</subfield>
    <subfield code="g">psbo</subfield>
  </datafield>
  <datafield tag="801" ind1=" " ind2="1">
    <subfield code="a">RU</subfield>
    <subfield code="b">ELAR</subfield>
    <subfield code="2">rusmarc</subfield>
  </datafield>
  <datafield tag="801" ind1=" " ind2="2">
    <subfield code="a">RU</subfield>
    <subfield code="b">NLR</subfield>
    <subfield code="c">20130726</subfield>
    <subfield code="2">rusmarc</subfield>
  </datafield>
  <datafield tag="852" ind1=" " ind2=" ">
    <subfield code="a">NLR</subfield>
    <subfield code="j">36-4/852</subfield>
  </datafield>
  <datafield tag="942" ind1=" " ind2=" ">
    <subfield code="c">BOOK</subfield>
  </datafield>
  <datafield tag="980" ind1=" " ind2=" ">
    <subfield code="a">NB</subfield>
  </datafield>
  <datafield tag="981" ind1="2" ind2="2">
    <subfield code="a">(22) &#x41C;&#x430;&#x442;&#x435;&#x440;&#x438;&#x430;&#x43B;&#x44B; &#x43F;&#x43E; &#x438;&#x441;&#x442;&#x43E;&#x440;&#x438;&#x438; &#x420;&#x43E;&#x441;&#x441;&#x438;&#x438;</subfield>
  </datafield>
  <datafield tag="981" ind1="4" ind2="0">
    <subfield code="a">(40) &#x411;&#x430;&#x440;&#x435;&#x43D;&#x446;-&#x440;&#x435;&#x433;&#x438;&#x43E;&#x43D;</subfield>
  </datafield>
  <datafield tag="995" ind1=" " ind2=" ">
    <subfield code="5">2013-10-26</subfield>
    <subfield code="b">NLR02</subfield>
    <subfield code="c">NLR02</subfield>
    <subfield code="e">RFS</subfield>
    <subfield code="f">9035797-10</subfield>
    <subfield code="k">36-4/852</subfield>
    <subfield code="o">0</subfield>
    <subfield code="r">BOOK</subfield>
    <subfield code="s">364852_</subfield>
  </datafield>
</record>
